| 000 | 00647nam a2200229 i 4500 | ||
|---|---|---|---|
| 001 | 129627 | ||
| 003 | ES-MaACL | ||
| 005 | 20250927115502.0 | ||
| 007 | t| | ||
| 008 | 070627s1928 fr ||||1| fre d | ||
| 080 | _a840-94"18" | ||
| 100 | 1 |
_aFrance, Anatole, _d1844-1924 _9240108 |
|
| 245 | 1 | 0 |
_aRabelais / _cAnatole France. |
| 250 | _a18ª ed. | ||
| 260 |
_aParis : _bCalmann-Lévy, _c[1928] |
||
| 300 |
_aIV, 246 p. ; _c19 cm. |
||
| 490 | 1 | _aCollection nouvelle | |
| 600 | 1 | 4 |
_aRabelais, François, _dca. 1494-1553 _994857 |
| 830 | 0 |
_aCollection nouvelle _9192812 |
|
| 852 |
_aES-MaACL _jA-2300 |
||
| 999 |
_c129627 _d129627 |
||